3 clubs, 1 joueur - Statistiques

Statistiques générales
  • Ce quiz a été pris 1 289 fois
  • Le résultat moyen est 11 sur 13
Statistiques - réponses
Clubs Nationalité Joueur % Correct
Bondy, AS Monaco, Paris Saint-Germain Français Kylian Mbappé
97%
FC Barcelone, Paris Saint-Germain, Inter Miami Argentin Lionel Messi
96%
LOSC Lille, Chelsea, Real Madrid Belge Eden Hazard
94%
Real Sociedad, Atlético Madrid, FC Barcelone Français Antoine Griezmann
93%
FC Barcelone, Inter Milan, Chelsea Camerounais Samuel Eto'o
90%
AS Cannes, Girondins de Bordeaux, Juventus Français Zinédine Zidane
90%
Sporting, LOSC Lille, AC Milan Portugais Rafael Leão
80%
KRC Genk, Chelsea, Wolfsburg Belge Kevin de Bruyne
78%
Malmö, Ajax, Manchester United Suédois Zlatan Ibrahimović
77%
AC Milan, Real Madrid, AC Milan Brésilien Kaká
76%
AC Milan, Paris Saint-Germain, Chelsea Brésilien Thiago Silva
76%
Watford, Borussia Dortmund, Manchester United Anglais Jadon Sancho
73%
Watford, Everton, Tottenham Hotspur Brésilien Richarlison
69%
Aucun quiz correspondant
Distribution des résultats
% des personnes avec chaque résultat
Percentile par nombre de réponses
Votre historique - résultats
Vous n’avez pas pris ce quiz